=LDR 00000nam 2200000 4500 =001 INLIS000000000017561 =005 20130612112755 =008 ***********************************Ind** =035 ##$$0010-061300000017561 =041 ##$$a Ind =082 ##$$a 636.7 =090 ##$$a 636.7, Ria a =100 ##$$a Riady, Martin =245 ##$$a Anjing kesayangan ke kontes, Martin Riady =260 ##$$a 2005 $b Jakarta =300 ##$$a 123 hlm, ilus, 23 cm, =650 ##$$a Anjing =850 ##$$a NBPNMAT